<?xml version="1.0" encoding="UTF-8"?>
<record
    xmlns:xsi="http://www.w3.org/2001/XMLSchema-instance"
    xsi:schemaLocation="http://www.loc.gov/MARC21/slim http://www.loc.gov/standards/marcxml/schema/MARC21slim.xsd"
    xmlns="http://www.loc.gov/MARC21/slim">

  <leader>01398nam2a22002651  4500</leader>
  <controlfield tag="001">rc\2247363</controlfield>
  <controlfield tag="005">20250623070104.0</controlfield>
  <datafield tag="035" ind1=" " ind2=" ">
    <subfield code="a">(NLR Aleph) 006651922</subfield>
  </datafield>
  <datafield tag="090" ind1=" " ind2=" ">
    <subfield code="a">4803312</subfield>
    <subfield code="c">4803312</subfield>
  </datafield>
  <datafield tag="100" ind1=" " ind2=" ">
    <subfield code="a">20110829d1978    |||y0rusy50      ca</subfield>
  </datafield>
  <datafield tag="101" ind1="0" ind2=" ">
    <subfield code="a">rus</subfield>
  </datafield>
  <datafield tag="102" ind1=" " ind2=" ">
    <subfield code="a">RU</subfield>
  </datafield>
  <datafield tag="105" ind1=" " ind2=" ">
    <subfield code="a">y   z   |||||</subfield>
  </datafield>
  <datafield tag="200" ind1="0" ind2=" ">
    <subfield code="a">[... &#x437;&#x430; 1974-1977 &#x433;&#x433;.</subfield>
    <subfield code="f">&#x421;&#x43E;&#x441;&#x442;. &#x412;.&#x414;. &#x41E;&#x441;&#x438;&#x43F;&#x43E;&#x432;&#x430;]</subfield>
  </datafield>
  <datafield tag="210" ind1=" " ind2=" ">
    <subfield code="d">1978</subfield>
    <subfield code="a">&#x411;. &#x43C;.</subfield>
  </datafield>
  <datafield tag="215" ind1=" " ind2=" ">
    <subfield code="a">42 &#x441;.</subfield>
  </datafield>
  <datafield tag="225" ind1="1" ind2=" ">
    <subfield code="i">...</subfield>
    <subfield code="v">3979 &#x41F;.</subfield>
  </datafield>
  <datafield tag="461" ind1=" " ind2="0">
    <subfield code="1">001rc\2247362</subfield>
    <subfield code="1">2001#$a&#x413;&#x430;&#x437;&#x43E;&#x432;&#x44B;&#x435; &#x441;&#x442;&#x440;&#x443;&#x438; &#x432; &#x43C;&#x435;&#x442;&#x430;&#x43B;&#x43B;&#x443;&#x440;&#x433;&#x438;&#x438;$e[&#x41A;&#x43D;., &#x436;&#x443;&#x440;&#x43D;. &#x438; &#x43F;&#x430;&#x442;. &#x43B;&#x438;&#x442;. &#x43D;&#x430; &#x440;&#x443;&#x441;. &#x438; &#x438;&#x43D;&#x43E;&#x441;&#x442;&#x440;. &#x44F;&#x437;. ...]$f&#x41C;-&#x432;&#x43E; &#x447;&#x435;&#x440;&#x43D;&#x43E;&#x439; &#x43C;&#x435;&#x442;&#x430;&#x43B;&#x43B;&#x443;&#x440;&#x433;&#x438;&#x438; &#x421;&#x421;&#x421;&#x420;. &#x426;&#x41D;&#x418;&#x418; &#x438;&#x43D;&#x444;&#x43E;&#x440;&#x43C;. &#x438; &#x442;&#x435;&#x445;&#x43D;.-&#x44D;&#x43A;&#x43E;&#x43D;. &#x438;&#x441;&#x441;&#x43B;&#x435;&#x434;. &#x447;&#x435;&#x440;&#x43D;&#x43E;&#x439; &#x43C;&#x435;&#x442;&#x430;&#x43B;&#x43B;&#x443;&#x440;&#x433;&#x438;&#x438;$v[... &#x437;&#x430; 1974-1977 &#x433;&#x433;.</subfield>
    <subfield code="9">4803307</subfield>
    <subfield code="c">&#x41C;&#x43E;&#x441;&#x43A;&#x432;&#x430;</subfield>
    <subfield code="d">1978</subfield>
    <subfield code="f">&#x41C;-&#x432;&#x43E; &#x447;&#x435;&#x440;&#x43D;&#x43E;&#x439; &#x43C;&#x435;&#x442;&#x430;&#x43B;&#x43B;&#x443;&#x440;&#x433;&#x438;&#x438; &#x421;&#x421;&#x421;&#x420;. &#x426;&#x41D;&#x418;&#x418; &#x438;&#x43D;&#x444;&#x43E;&#x440;&#x43C;. &#x438; &#x442;&#x435;&#x445;&#x43D;.-&#x44D;&#x43A;&#x43E;&#x43D;. &#x438;&#x441;&#x441;&#x43B;&#x435;&#x434;. &#x447;&#x435;&#x440;&#x43D;&#x43E;&#x439; &#x43C;&#x435;&#x442;&#x430;&#x43B;&#x43B;&#x443;&#x440;&#x433;&#x438;&#x438;</subfield>
    <subfield code="n">&#x411;. &#x438;.</subfield>
    <subfield code="o">[&#x41A;&#x43D;., &#x436;&#x443;&#x440;&#x43D;. &#x438; &#x43F;&#x430;&#x442;. &#x43B;&#x438;&#x442;. &#x43D;&#x430; &#x440;&#x443;&#x441;. &#x438; &#x438;&#x43D;&#x43E;&#x441;&#x442;&#x440;. &#x44F;&#x437;. ...]</subfield>
    <subfield code="t">&#x413;&#x430;&#x437;&#x43E;&#x432;&#x44B;&#x435; &#x441;&#x442;&#x440;&#x443;&#x438; &#x432; &#x43C;&#x435;&#x442;&#x430;&#x43B;&#x43B;&#x443;&#x440;&#x433;&#x438;&#x438;</subfield>
    <subfield code="v">[... &#x437;&#x430; 1974-1977 &#x433;&#x433;.</subfield>
  </datafield>
  <datafield tag="702" ind1=" " ind2="1">
    <subfield code="4">220</subfield>
    <subfield code="7">ca</subfield>
    <subfield code="8">rus</subfield>
    <subfield code="a">&#x41E;&#x441;&#x438;&#x43F;&#x43E;&#x432;&#x430;</subfield>
    <subfield code="b">&#x412;. &#x414;.</subfield>
    <subfield code="c">&#x431;&#x438;&#x431;&#x43B;&#x438;&#x43E;&#x433;&#x440;&#x430;&#x444;</subfield>
    <subfield code="9">261573</subfield>
    <subfield code="3">RU\NLR\AUTH\770261629</subfield>
  </datafield>
  <datafield tag="801" ind1=" " ind2="0">
    <subfield code="a">RU</subfield>
    <subfield code="b">NLR</subfield>
    <subfield code="g">psbo</subfield>
  </datafield>
  <datafield tag="801" ind1=" " ind2="1">
    <subfield code="a">RU</subfield>
    <subfield code="b">ELAR</subfield>
    <subfield code="2">rusmarc</subfield>
  </datafield>
  <datafield tag="852" ind1=" " ind2=" ">
    <subfield code="a">NLR</subfield>
    <subfield code="j">&#x421;337-410/&#x413;13</subfield>
  </datafield>
  <datafield tag="942" ind1=" " ind2=" ">
    <subfield code="c">BOOK</subfield>
  </datafield>
  <datafield tag="980" ind1=" " ind2=" ">
    <subfield code="a">NB</subfield>
  </datafield>
  <datafield tag="995" ind1=" " ind2=" ">
    <subfield code="5">2013-10-26</subfield>
    <subfield code="b">NLR01</subfield>
    <subfield code="c">NLR01</subfield>
    <subfield code="e">CSB</subfield>
    <subfield code="f">1-3662931</subfield>
    <subfield code="k">&#x421;337-410/&#x413;13</subfield>
    <subfield code="o">0</subfield>
    <subfield code="r">BOOK</subfield>
    <subfield code="s">33741013_</subfield>
  </datafield>
</record>
